000 00515nam a2200169Ia 4500
005 20250923145342.0
008 008 250917s9999 xx 000 0 eng d
037 _aTextual
040 _aDSWL
_beng
_cDSWL
041 _aeng
_2eng
084 _aT:3(YX), N76
_qDSWL
245 0 _aAsian Social problems: New strategies for Social work education
_c by I.A.S.S.W.
260 _aNew York
_b I.A.S.S.W.
_c1976
300 _avii,168p.
942 _cTEXL
_hT:3(YX), N76
999 _c1450340
_d1450340